000 00501pam a2200205 a 4500
020 _c
040 _aMedical College Libr
041 _aENG
_hENG
082 _a618.3
_bGIL
100 _aGilstrap, Larry C .
245 _aDurgs & Pregnancy /
_c
_hTextual Documents
250 _a2nd /
_b.
260 _aLondon :
_bArnold ,
_c1998.
300 _a230 ;
_c
365 _a3,123=00
653 _aMedical Science
930 _a3419
999 _c3418
_d3418